Producción de biodiesel a partir del reciclamiento de aceite de cocina mediante un proceso mecanizado, utilizando el método de Mike Pelly

El estudio presenta la finalidad de obtener biodiesel a partir de aceite reciclado de cocina, el cual es desechado en hogares, negocios e industrias. Tomando en cuenta que gran parte de la población ocupa aceite para cocinar; se implementó el uso de éste tipo de aceite el cual se encuentra quemad...

Full description

Bibliographic Details
Main Authors: García Báez, Osmani Rogelio, Baldizón Martínez, César Eduardo
Other Authors: Tutor: Castillo Rayo, María Teresa
Format: Tesis Section = Libro
Language:Undetermined
Spanish
Published: Managua UNI 2018
Subjects:
LEADER 01358nam a2200277Ia 4500
008 240830s9999 xx 000 0 und d
040 |a BIBLIOTECA-RUPAP Mon 621.4838 G216 
041 |a spa 
082 |a Mon 621.4838 G216 
100 1 |a García Báez, Osmani Rogelio 
100 1 |b  Baldizón Martínez, César Eduardo 
245 1 0 |a Producción de biodiesel a partir del reciclamiento de aceite de cocina mediante un proceso mecanizado, utilizando el método de Mike Pelly 
260 |a Managua  |b UNI  |c 2018 
300 |a 46 p. :il. 
500 |a Contiene: anexos y CD. 
502 |a Tesis (Ingeniero Mecánico)- UNI, 2018. 
520 3 |a El estudio presenta la finalidad de obtener biodiesel a partir de aceite reciclado de cocina, el cual es desechado en hogares, negocios e industrias. Tomando en cuenta que gran parte de la población ocupa aceite para cocinar; se implementó el uso de éste tipo de aceite el cual se encuentra quemado para crear una alternativa ecológica para que de este modo se reutilice dicho recurso. 
650 7 |a COMBUSTIBLES-BIODIESEL-PRODUCCION 
650 7 |b TECNOLOGIA DE LOS DESECHOS 
650 7 |c ACEITE DE COCINA-RECICLAMIENTO 
650 7 |d ACEITE DE COCINA-RESIDUOS 
650 7 |e TRATAMIENTO DE RESIDUOS 
700 1 |a Tutor:  |b Castillo Rayo, María Teresa 
942 |c BK  |2 ddc 
991 |a TESIS 
999 |c 15785